[Event "Hoogeveen open"]
[Site "Hoogeveen, Netherlands"]
[Date "2008.10.24"]
[Round "8"]
[White "Van Eijk, Sander"]
[Black "Grover, Sahaj"]
[Result "1-0"]
[WhiteElo "2366"]
[BlackElo "2313"]
[PlyCount "99"]
[EventDate "2008.??.??"]

1. e4 e5 2. f4 exf4 3. Nf3 g5 4. h4 g4 5. Ne5 d6 6. Nxg4 Nf6 7. Nxf6+ Qxf6 8.
Nc3 Nc6 9. Bb5 Kd8 10. Be2 Rg8 11. Bf3 Nd4 12. Ne2 Nxf3+ 13. gxf3 Bd7 14. c4
Qg6 15. Qb3 d5 16. d4 dxc4 17. Qxc4 Qb6 18. Bxf4 Qxb2 19. Kf2 Bb5 20. Qxc7+ Ke8
21. Rae1 Bg7 22. Be5 Bxe5 23. Qxe5+ Kf8 24. Qc5+ Ke8 25. a4 Ba6 26. h5 Rd8 27.
Qc3 Qa2 28. h6 Bxe2 29. Rxe2 Rg2+ 30. Kxg2 Qxe2+ 31. Kg3 Qa6 32. Qc5 Qf6 33.
Rh5 Qd6+ 34. Re5+ Kf8 35. Kg4 Qxc5 36. dxc5 Rc8 37. Rg5 Rc6 38. Kh5 Ra6 39. Rg7
Rxa4 40. Rxh7 Ra1 41. Rh8+ Ke7 42. Rb8 Kf6 43. Rxb7 Rh1+ 44. Kg4 Rxh6 45. Rxa7
Kg7 46. Ra2 Rc6 47. Rc2 Kf6 48. f4 Ke6 49. Rc4 f6 50. Rc3 1-0

[Event "Hoogeveen open"]
[Site "Hoogeveen, Netherlands"]
[Date "2008.10.24"]
[Round "8"]
[White "Lammens, Tim"]
[Black "Bykhovsky, Anatoly A"]
[Result "1/2-1/2"]
[WhiteElo "2288"]
[BlackElo "2364"]
[PlyCount "72"]
[EventDate "2008.??.??"]

1. e4 e5 2. Bc4 Nf6 3. d3 Nc6 4. Nc3 Na5 5. Qf3 Nxc4 6. dxc4 d6 7. Nge2 Be7 8.
Ng3 g6 9. O-O c6 10. h3 Be6 11. b3 h5 12. Bg5 Nd7 13. Bxe7 Qxe7 14. Rfd1 O-O-O
15. Rd2 Nf6 16. Rad1 Kc7 17. Qe3 Kb8 18. f4 h4 19. Nge2 Nh5 20. Qf2 exf4 21.
Nxf4 Bc8 22. c5 Qg5 23. Nxh5 gxh5 24. Kh1 dxc5 25. Rxd8 Rxd8 26. Rxd8 Qxd8 27.
Qxc5 Qf6 28. Kg1 b6 29. Qe3 Qe5 30. Qf3 Be6 31. a4 Kb7 32. Kh1 Qg5 33. Qd1 Qf4
34. Qe2 Qe5 35. Qf3 Qg5 36. Qd1 Qe5 1/2-1/2

[Event "Hoogeveen open"]
[Site "Hoogeveen, Netherlands"]
[Date "2008.10.24"]
[Round "8"]
[White "Van der Elburg, Freddie"]
[Black "Vul, Arkadi Eremeevich"]
[Result "1/2-1/2"]
[WhiteElo "2269"]
[BlackElo "2351"]
[PlyCount "54"]
[EventDate "2008.??.??"]

1. c4 e6 2. g3 d5 3. Bg2 Nf6 4. Nf3 dxc4 5. O-O Nbd7 6. Na3 c5 7. Nxc4 b5 8.
Ne3 Bb7 9. a4 a6 10. axb5 axb5 11. Rxa8 Bxa8 12. d4 Qb6 13. dxc5 Bxc5 14. Bd2
O-O 15. b4 Be7 16. Bc3 Rd8 17. Qa1 Be4 18. Qb2 Qb7 19. Rc1 Nb6 20. Be5 Rc8 21.
Rxc8+ Qxc8 22. Qd4 Nbd5 23. Bxf6 Qc1+ 24. Nf1 Nxf6 25. Qa7 Nd5 26. Qb8+ Bf8 27.
Qxb5 Nxb4 1/2-1/2

[Event "Hoogeveen open"]
[Site "Hoogeveen, Netherlands"]
[Date "2008.10.24"]
[Round "8"]
[White "Haast, Anne"]
[Black "De Jong, Migchiel"]
[Result "1/2-1/2"]
[WhiteElo "2054"]
[BlackElo "2349"]
[PlyCount "103"]
[EventDate "2008.??.??"]

1. e4 e6 2. d4 d5 3. Nc3 Bb4 4. e5 Ne7 5. a3 Bxc3+ 6. bxc3 c5 7. Qg4 cxd4 8.
cxd4 Qc7 9. Bd2 Qxc2 10. Rc1 Qe4+ 11. Qxe4 dxe4 12. Bb5+ Bd7 13. Bxd7+ Kxd7 14.
Ne2 f5 15. exf6 gxf6 16. Nc3 f5 17. O-O Nbc6 18. f3 exf3 19. Rxf3 Rhg8 20. Bf4
Rg4 21. h3 Rg6 22. Rd1 Rag8 23. g3 Nd5 24. Nxd5 exd5 25. Kf2 Re6 26. Rb1 Kc8
27. Rb5 Rd8 28. Bg5 Nxd4 29. Rc3+ Rc6 30. Rxc6+ bxc6 31. Rb4 c5 32. Rb1 Rd6 33.
Bf4 Rb6 34. Re1 Rb2+ 35. Kf1 Kd7 36. Re5 Kc6 37. Re8 Ra2 38. Re7 c4 39. Rxa7
Nb5 40. Rxh7 c3 41. Rh8 d4 42. h4 Kd5 43. h5 d3 44. h6 Nd4 45. h7 Rh2 46. Rd8+
Kc4 47. h8=Q Rxh8 48. Rxh8 d2 49. Rc8+ Kd3 50. Rxc3+ Kxc3 51. Bxd2+ Kxd2 52.
Kf2 1/2-1/2

[Event "Hoogeveen open"]
[Site "Hoogeveen, Netherlands"]
[Date "2008.10.24"]
[Round "8"]
[White "De Groote, Ewoud"]
[Black "Chapman, Terry P D"]
[Result "0-1"]
[WhiteElo "2208"]
[BlackElo "2240"]
[PlyCount "60"]
[EventDate "2008.??.??"]

1. e4 d6 2. d4 Nf6 3. Nc3 g6 4. Be3 c6 5. Qd2 b5 6. f3 Nbd7 7. g4 Nb6 8. g5
Nfd7 9. h4 b4 10. Nd1 c5 11. h5 Rg8 12. hxg6 hxg6 13. a3 a5 14. axb4 axb4 15.
Rxa8 Nxa8 16. Bb5 Qa5 17. c4 cxd4 18. Bxd4 Nc7 19. Bxd7+ Bxd7 20. Qh2 Ne6 21.
Bh8 Nxg5 22. e5 Nh3 23. exd6 Rxh8 24. dxe7 Bg7 25. Nxh3 Rxh3 26. Qb8+ Kxe7 27.
Rxh3 Bxh3 28. Ne3 Qa1+ 29. Nd1 Qa5 30. Ne3 Be6 0-1

[Event "Hoogeveen open"]
[Site "Hoogeveen, Netherlands"]
[Date "2008.10.24"]
[Round "8"]
[White "Pruijssers, Roeland"]
[Black "Van der Veen, Jan"]
[Result "1-0"]
[WhiteElo "2458"]
[BlackElo "2114"]
[PlyCount "67"]
[EventDate "2008.??.??"]

1. e4 e5 2. Nf3 Nc6 3. Bb5 Nf6 4. O-O Nxe4 5. d4 Be7 6. Re1 Nd6 7. Bxc6 dxc6 8.
dxe5 Nf5 9. Qxd8+ Bxd8 10. Bg5 Nd4 11. Nxd4 Bxg5 12. Nc3 Bd2 13. Re2 Bxc3 14.
bxc3 c5 15. Nb5 Kd7 16. c4 Kc6 17. Nc3 Be6 18. Nd5 Bxd5 19. cxd5+ Kxd5 20. e6
fxe6 21. Rd1+ Kc4 22. Re4+ Kc3 23. Rd3+ Kxc2 24. Rb3 b6 25. Re2+ Kc1 26. Rbb2
Rad8 27. Rec2+ Kd1 28. Kf1 Rd4 29. Re2 Kc1 30. Rec2+ Kd1 31. Rc3 Rhd8 32. Re2
Rb4 33. Re1+ Kd2 34. Rcc1 1-0

[Event "Hoogeveen open"]
[Site "Hoogeveen, Netherlands"]
[Date "2008.10.24"]
[Round "8"]
[White "Van de Oudeweetering, Arth"]
[Black "Algra, Jouke"]
[Result "1-0"]
[WhiteElo "2350"]
[BlackElo "2113"]
[PlyCount "73"]
[EventDate "2008.??.??"]

1. e4 e6 2. d4 c5 3. c3 Be7 4. Nf3 d6 5. Bd3 Nc6 6. O-O e5 7. d5 Nb8 8. Nbd2 g5
9. b4 cxb4 10. cxb4 h5 11. Nc4 Nd7 12. Be3 h4 13. Qc2 g4 14. Nfd2 Ndf6 15. Rac1
g3 16. h3 gxf2+ 17. Rxf2 Nh5 18. Na5 Bg5 19. Bxg5 Qxg5 20. Qc7 Nf4 21. Rxf4
exf4 22. Qxd6 Ne7 23. Nf3 Qg6 24. Bb5+ Kf8 25. Qd8+ Kg7 26. Qxe7 Bxh3 27. Qg5
Qxg5 28. Nxg5 Bg4 29. Nxb7 Kg6 30. Nf3 Bxf3 31. gxf3 Kf6 32. d6 Rag8+ 33. Kh2
h3 34. Rc2 Rb8 35. Bc6 Ke6 36. d7 Ke7 37. Rd2 1-0

[Event "Hoogeveen open"]
[Site "Hoogeveen, Netherlands"]
[Date "2008.10.24"]
[Round "8"]
[White "Cako, Laszlo"]
[Black "Meurs, Tom"]
[Result "1-0"]
[WhiteElo "2233"]
[BlackElo "2110"]
[PlyCount "53"]
[EventDate "2008.??.??"]

1. e4 e5 2. Nf3 Nc6 3. Bb5 a6 4. Ba4 Nf6 5. d4 exd4 6. O-O Be7 7. Re1 b5 8. e5
Nxe5 9. Nxe5 bxa4 10. Qxd4 O-O 11. Bg5 Rb8 12. Nd2 h6 13. Bh4 Rb4 14. c4 Rb6
15. c5 Re6 16. Ndc4 Nh7 17. Bxe7 Qxe7 18. f4 Qf6 19. Ne3 d6 20. Nd5 Qd8 21. Nc6
dxc5 22. Nde7+ Rxe7 23. Qxd8 Rxe1+ 24. Rxe1 Rxd8 25. Nxd8 Nf6 26. Re5 c4 27.
Rc5 1-0

[Event "Hoogeveen open"]
[Site "Hoogeveen, Netherlands"]
[Date "2008.10.24"]
[Round "8"]
[White "Van Apeldoorn, Janton"]
[Black "Ducarmon, Quinten"]
[Result "1/2-1/2"]
[WhiteElo "2188"]
[BlackElo "2083"]
[PlyCount "88"]
[EventDate "2008.??.??"]

1. e4 c5 2. Nf3 d6 3. d4 cxd4 4. Nxd4 Nf6 5. f3 e5 6. Nb3 Be6 7. c4 a5 8. Be3
a4 9. N3d2 Be7 10. Nc3 Qa5 11. Rb1 O-O 12. Be2 Bd8 13. b4 axb3 14. Nxb3 Qc7 15.
Nb5 Qc6 16. Qxd6 Rxa2 17. Bc5 Qxd6 18. Bxd6 Rxe2+ 19. Kxe2 Bxc4+ 20. Kd1 Bxb5
21. Bxb8 Bd3 22. Ra1 Nd7 23. Bd6 Re8 24. Kd2 Ba6 25. Rhd1 Bh4 26. g3 Bg5+ 27.
f4 exf4 28. gxf4 Bh4 29. Ke3 Nf6 30. e5 Bc4 31. Nc5 Nd5+ 32. Kf3 b5 33. Rac1
Ne7 34. Ne4 Nf5 35. Bc5 h5 36. Rd7 Ra8 37. Nc3 Be6 38. Rb7 Rd8 39. Rxb5 Rd3+
40. Ke2 Bc4 41. Rb4 Ba6 42. Nb5 Rd5 43. Kf3 Bb7 44. Ke2 Ba6 1/2-1/2

[Event "Hoogeveen open"]
[Site "Hoogeveen, Netherlands"]
[Date "2008.10.24"]
[Round "8"]
[White "Jellema, Yme Jan"]
[Black "Ten Vergert, Paul"]
[Result "1-0"]
[WhiteElo "2129"]
[BlackElo "1980"]
[PlyCount "35"]
[EventDate "2008.??.??"]

1. d4 d5 2. c4 c6 3. Nc3 Nf6 4. Bg5 g6 5. e3 Bg7 6. Bd3 Nbd7 7. Nf3 dxc4 8.
Bxc4 Nb6 9. Bb3 O-O 10. h3 Bf5 11. O-O Rc8 12. Qe2 Ne4 13. Bh4 Qd7 14. Rfd1
Rfd8 15. Nxe4 Bxe4 16. Bxf7+ Kh8 17. Ng5 Bd5 18. e4 1-0

[Event "Hoogeveen open"]
[Site "Hoogeveen, Netherlands"]
[Date "2008.10.24"]
[Round "8"]
[White "Sparenberg, Erik"]
[Black "Dal Borgo, Albin"]
[Result "0-1"]
[WhiteElo "2041"]
[BlackElo "2210"]
[PlyCount "84"]
[EventDate "2008.??.??"]

1. e4 e5 2. Nf3 Nc6 3. Bb5 a6 4. Ba4 Nf6 5. O-O Be7 6. Re1 b5 7. Bb3 d6 8. c3
O-O 9. d4 Bg4 10. Be3 exd4 11. cxd4 Na5 12. Bc2 c5 13. Nbd2 Nc6 14. Qb1 Qc7 15.
h3 Bh5 16. d5 Nb4 17. Bb3 c4 18. Bc2 Nd7 19. Nd4 Bf6 20. g4 Bg6 21. a3 Nxc2 22.
Qxc2 Nb6 23. Qc1 Rfe8 24. f3 Nxd5 25. Nxb5 axb5 26. exd5 Qb7 27. Ne4 Bxe4 28.
fxe4 Rxe4 29. Qd2 Rae8 30. Bf4 Bxb2 31. Rxe4 Rxe4 32. Re1 Rxe1+ 33. Qxe1 Qd7
34. Qa5 h5 35. Qa8+ Kh7 36. Qc6 Qe7 37. Bxd6 Qe1+ 38. Kg2 Qe2+ 39. Kg3 h4+ 40.
Kxh4 Qf2+ 41. Bg3 Bf6+ 42. g5 Qd4+ 0-1

[Event "Hoogeveen open"]
[Site "Hoogeveen, Netherlands"]
[Date "2008.10.24"]
[Round "8"]
[White "Akotchik, Viktor"]
[Black "Hovenga, Alje"]
[Result "1-0"]
[WhiteElo "2128"]
[BlackElo "2253"]
[PlyCount "117"]
[EventDate "2008.??.??"]

1. d4 d5 2. Nf3 e6 3. Nc3 Nf6 4. Bg5 Nbd7 5. Qd3 Be7 6. O-O-O O-O 7. Kb1 b6 8.
Ne5 Nxe5 9. dxe5 Nd7 10. Bf4 Bb7 11. e4 Bg5 12. Bg3 Nc5 13. Qe2 Ba6 14. Qg4 c6
15. Bxa6 Nxa6 16. exd5 cxd5 17. h4 Be7 18. h5 Rc8 19. Nb5 Qd7 20. Nd4 Bc5 21.
Bh4 Kh8 22. h6 g6 23. Qg5 f5 24. exf6 Bxd4 25. Rxd4 Qf7 26. Bg3 Rfe8 27. Be5
Nc5 28. Rh3 Rc6 29. Ra3 Ra8 30. Qe3 b5 31. Ra5 a6 32. g4 Rac8 33. g5 Kg8 34.
Ra3 Nd7 35. Rd2 Qf8 36. Rc3 Nc5 37. Rd4 Kf7 38. f3 Qd8 39. a4 bxa4 40. Rxa4 Qb6
41. Raa3 Qb7 42. Kc1 Qb5 43. Qf2 a5 44. Bd4 Na6 45. Rxc6 Rxc6 46. Bc3 a4 47.
Kb1 Nc5 48. Be5 Ra6 49. Rc3 Rc6 50. Ka2 Nd7 51. Qa7 Rxc3 52. Bxc3 e5 53. Bxe5
Ke6 54. Bc3 Kf5 55. f7 Ke6 56. Qxd7+ Kxd7 57. f8=Q Qc4+ 58. Ka3 d4 59. Qg7+ 1-0

[Event "Hoogeveen open"]
[Site "Hoogeveen, Netherlands"]
[Date "2008.10.24"]
[Round "8"]
[White "Mellema, Andries"]
[Black "Rooda, Kai"]
[Result "1-0"]
[WhiteElo "2097"]
[BlackElo "2141"]
[PlyCount "135"]
[EventDate "2008.??.??"]

1. e4 e5 2. Nc3 Nf6 3. g3 d5 4. exd5 Nxd5 5. Bg2 Nxc3 6. bxc3 Bd6 7. Ne2 O-O 8.
O-O Nc6 9. Rb1 Na5 10. d3 Rb8 11. c4 Bg4 12. h3 Bh5 13. Be3 b6 14. c5 Be7 15.
Qd2 Nb7 16. c6 Nc5 17. g4 Bg6 18. f4 exf4 19. Nxf4 Bf6 20. Nd5 Be5 21. Rbe1 Bd6
22. Bd4 Ne6 23. Bb2 Kh8 24. Nf6 Ra8 25. Nd7 Rg8 26. Nf6 Rf8 27. h4 h6 28. h5
Bh7 29. Nxh7 Kxh7 30. Be4+ Kg8 31. Bf6 Be7 32. Bb2 Bc5+ 33. Kg2 Qh4 34. Qe2 Bd6
35. Rh1 Qg5 36. Bc1 Bf4 37. Qf3 Rae8 38. Bxf4 Nxf4+ 39. Kg3 Ne6 40. Qf5 Qxf5
41. Bxf5 Nd4 42. Bd7 Rxe1 43. Rxe1 Nxc2 44. Re4 a5 45. d4 Na3 46. Re7 a4 47.
Bf5 Nb5 48. Rd7 Re8 49. Kf2 Kf8 50. Bd3 Nd6 51. Rxc7 Rc8 52. Rxc8+ Nxc8 53. Ba6
Na7 54. c7 b5 55. c8=Q+ Nxc8 56. Bxc8 b4 57. Ba6 g6 58. Ke3 gxh5 59. gxh5 Ke7
60. Kd3 Kd6 61. Bb5 b3 62. a3 b2 63. Kc2 Kd5 64. Kxb2 Kxd4 65. Bxa4 f5 66. Bd1
Kc4 67. Kc2 f4 68. Kd2 1-0

[Event "Hoogeveen open"]
[Site "Hoogeveen, Netherlands"]
[Date "2008.10.24"]
[Round "8"]
[White "Haitsma, Anne"]
[Black "Mostertman, Milan"]
[Result "1/2-1/2"]
[WhiteElo "2107"]
[BlackElo "2044"]
[PlyCount "77"]
[EventDate "2008.??.??"]

1. d4 Nf6 2. c4 e5 3. dxe5 Ng4 4. Bf4 g5 5. Bd2 Nxe5 6. Bc3 Bg7 7. Nf3 Nbc6 8.
Nxe5 Nxe5 9. e3 O-O 10. Be2 d6 11. O-O g4 12. Kh1 Qh4 13. Qd4 Bd7 14. Qf4 Rae8
15. Qg3 Qh5 16. f4 Ng6 17. Bxg7 Kxg7 18. Nc3 f5 19. Bd3 Bc6 20. Rae1 Nh4 21.
Rf2 Re7 22. Nd5 Bxd5 23. cxd5 Rfe8 24. Bb5 Rf8 25. Rc1 a6 26. Bf1 Rfe8 27. Rc3
Kf6 28. Rfc2 Ng6 29. Qf2 Qh6 30. g3 Qf8 31. Qd2 Kg7 32. Rxc7 Kh6 33. Rxe7 Qxe7
34. Bd3 Qf7 35. Bc4 Qe7 36. Rc3 Qe4+ 37. Kg1 Qb1+ 38. Rc1 Qe4 39. Rc3 1/2-1/2

[Event "Hoogeveen open"]
[Site "Hoogeveen, Netherlands"]
[Date "2008.10.24"]
[Round "8"]
[White "Goudriaan, Etienne"]
[Black "Rademakers, Evert"]
[Result "1/2-1/2"]
[WhiteElo "2088"]
[BlackElo "2151"]
[PlyCount "24"]
[EventDate "2008.??.??"]

1. d4 Nf6 2. Nf3 g6 3. c4 Bg7 4. Nc3 O-O 5. e4 d6 6. Be2 Bg4 7. Be3 Nfd7 8. O-O
Nc6 9. d5 Bxf3 10. Bxf3 Na5 11. Be2 c5 12. Qc2 a6 1/2-1/2

[Event "Hoogeveen open"]
[Site "Hoogeveen, Netherlands"]
[Date "2008.10.24"]
[Round "8"]
[White "Grooten, Herman"]
[Black "Colijn, Stefan"]
[Result "1-0"]
[WhiteElo "2376"]
[BlackElo "2118"]
[PlyCount "79"]
[EventDate "2008.??.??"]

1. d4 Nf6 2. c4 g6 3. Nc3 Bg7 4. e4 d6 5. Be2 O-O 6. Nf3 e5 7. d5 Na6 8. Bg5
Qe8 9. Nd2 Nd7 10. g4 Ndc5 11. a3 f5 12. b4 h6 13. Bh4 Nxe4 14. Ndxe4 fxe4 15.
Bg3 Rf4 16. h3 h5 17. Rc1 Qe7 18. Qc2 Bd7 19. Nxe4 Rff8 20. gxh5 gxh5 21. Bxh5
Bf5 22. Bg4 Bh7 23. Qe2 Nb8 24. Be6+ Kh8 25. Qh5 Nd7 26. Ng5 Nf6 27. Qh4 Qe8
28. Bf5 Nh5 29. Bxh7 Bh6 30. Be4 Rg8 31. Nh7 Bxc1 32. Nf6 Qf7 33. Nxh5 Bg5 34.
Qg4 Bd2+ 35. Kxd2 Rxg4 36. hxg4 Kg8 37. g5 Kf8 38. Nf6 Qg7 39. Ke2 Rd8 40. Rh6
1-0

[Event "Hoogeveen open"]
[Site "Hoogeveen, Netherlands"]
[Date "2008.10.24"]
[Round "8"]
[White "Clemens, Adrian"]
[Black "Hendriks, Richard"]
[Result "1-0"]
[WhiteElo "2261"]
[BlackElo "2116"]
[PlyCount "61"]
[EventDate "2008.??.??"]

1. d4 d5 2. c4 dxc4 3. Nf3 Nf6 4. e3 e6 5. Bxc4 a6 6. Qe2 b5 7. Bb3 Bb7 8. a4
Nbd7 9. O-O c5 10. axb5 axb5 11. Rxa8 Qxa8 12. Nc3 b4 13. Nb5 Qb8 14. dxc5 Bxc5
15. Bd2 Ng4 16. g3 O-O 17. Nbd4 Qd6 18. Rc1 e5 19. Nf5 Qf6 20. N3h4 Nh6 21.
Nxh6+ Qxh6 22. Ba4 Nb6 23. Bb5 Bd6 24. e4 Qe6 25. Be3 Nc8 26. f3 Ne7 27. Qc4
Qh3 28. Rd1 Nc8 29. Nf5 Bb8 30. Bd7 Nb6 31. Bxb6 1-0

[Event "Hoogeveen open"]
[Site "Hoogeveen, Netherlands"]
[Date "2008.10.24"]
[Round "8"]
[White "Tate, Alan"]
[Black "Groenewold, Jan Joris"]
[Result "1-0"]
[WhiteElo "2144"]
[BlackElo "2106"]
[PlyCount "97"]
[EventDate "2008.??.??"]

1. e4 c5 2. Nf3 e6 3. d4 cxd4 4. Nxd4 a6 5. Bd3 Ne7 6. O-O Nec6 7. Nb3 d6 8. a4
b6 9. Be3 Qc7 10. N1d2 Nd7 11. f4 Be7 12. Kh1 Bb7 13. c3 O-O 14. Rf3 e5 15. f5
Nf6 16. Rg3 Kh8 17. Nc4 b5 18. Nb6 Rab8 19. axb5 axb5 20. Nd5 Qd8 21. Rh3 g6
22. Qf3 Ra8 23. Rf1 Rg8 24. Nxe7 Nxe7 25. Bg5 Nxf5 26. Rh6 Ra2 27. Qh3 Kg7 28.
Rxf5 gxf5 29. Bxf6+ Qxf6 30. Rxf6 Kxf6 31. Qxf5+ Ke7 32. Qf2 Rg4 33. Bb1 Ra6
34. Qe2 Rf4 35. h3 Bc6 36. Kh2 Ra8 37. Bd3 Ra2 38. Bb1 Ra8 39. Nd2 h5 40. Bd3
Ra2 41. g3 Rf6 42. Nf1 d5 43. exd5 Bxd5 44. Qxe5+ Be6 45. Qe2 Ra1 46. Ne3 Kf8
47. Bxb5 Bc8 48. Bc4 h4 49. g4 1-0

[Event "Hoogeveen open"]
[Site "Hoogeveen, Netherlands"]
[Date "2008.10.24"]
[Round "8"]
[White "Potze, Rudolf"]
[Black "Archangelsky, Mikhail"]
[Result "1-0"]
[WhiteElo "2105"]
[BlackElo "2276"]
[PlyCount "99"]
[EventDate "2008.??.??"]

1. e4 c5 2. c3 d5 3. exd5 Qxd5 4. d4 Nf6 5. Nf3 Bg4 6. Be2 e6 7. h3 Bh5 8. Na3
cxd4 9. Nb5 Qd8 10. Nbxd4 Bc5 11. O-O O-O 12. Bg5 Nbd7 13. a4 a6 14. b4 Be7 15.
Qb3 Nd5 16. Bd2 Qc7 17. g3 Bf6 18. Rac1 Rad8 19. c4 Ne7 20. Be3 h6 21. g4 Bg6
22. Rfd1 Rfe8 23. a5 Rc8 24. Bf1 Nf8 25. Ne2 e5 26. Bb6 Qb8 27. Bg2 Ne6 28. Nd2
Bg5 29. Rc3 Nc6 30. Nf3 e4 31. Nxg5 hxg5 32. Rd5 Nf4 33. Nxf4 gxf4 34. b5 Ne5
35. Bd4 f6 36. Qc2 f3 37. Bf1 e3 38. Bxe5 Rxe5 39. Qxg6 e2 40. Rd7 exf1=Q+ 41.
Kxf1 Re1+ 42. Kxe1 Qe5+ 43. Re3 Qa1+ 44. Rd1 Qxa5+ 45. Kf1 Qc7 46. Re8+ Rxe8
47. Qxe8+ Kh7 48. Qh5+ Kg8 49. Qd5+ Kh7 50. bxa6 1-0

[Event "Hoogeveen open"]
[Site "Hoogeveen, Netherlands"]
[Date "2008.10.24"]
[Round "8"]
[White "Galje, Hans"]
[Black "Hoffman, Ron"]
[Result "1-0"]
[WhiteElo "2121"]
[BlackElo "2165"]
[PlyCount "45"]
[EventDate "2008.??.??"]

1. d4 g6 2. c4 Bg7 3. Nc3 d6 4. e4 a6 5. f4 c6 6. Nf3 Bg4 7. Be3 b5 8. a3 Nd7
9. h3 Bxf3 10. Qxf3 bxc4 11. Bxc4 e6 12. f5 gxf5 13. exf5 e5 14. Qxc6 Rc8 15.
Qd5 Rxc4 16. Qxc4 exd4 17. Ne4 Nc5 18. Bg5 f6 19. Nxc5 dxc5 20. Bf4 Qc8 21. O-O
Qxf5 22. Rae1+ Ne7 23. Bd6 1-0

[Event "Hoogeveen open"]
[Site "Hoogeveen"]
[Date "2008.??.??"]
[Round "9"]
[White "Fier, Alexandr"]
[Black "Haslinger, Stewart"]
[Result "1/2-1/2"]
[WhiteElo "2581"]
[BlackElo "2506"]
[PlyCount "101"]
[EventDate "2008.??.??"]

1. e4 e5 2. Nf3 Nc6 3. Nc3 Nf6 4. Bb5 Bb4 5. O-O O-O 6. d3 d6 7. Bg5 Bxc3 8.
bxc3 Qe7 9. Re1 Nd8 10. d4 Ne6 11. Bc1 c5 12. a4 Rd8 13. Bc4 h6 14. h3 Qc7 15.
dxe5 dxe5 16. Qe2 Nf8 17. Nh4 Be6 18. Bxe6 fxe6 19. Nf3 Ng6 20. g3 Rd6 21. Nd2
Ra6 22. Qb5 Rb6 23. Qc4 Rc6 24. Nb3 Rf8 25. Be3 Kh8 26. Rad1 Ne7 27. Nd2 Nc8
28. Qe2 Ra6 29. Qb5 Rc6 30. Qe2 Ra6 31. Ra1 Nd6 32. f3 Nh5 33. Kg2 Rc6 34. Kh2
Qf7 35. Rg1 Qg6 36. Raf1 c4 37. Rb1 b6 38. Ra1 Rc7 39. a5 b5 40. a6 Qe8 41. Qf2
Rff7 42. g4 Nf4 43. g5 Qf8 44. gxh6 gxh6 45. Rg4 Kh7 46. Rag1 Ne8 47. Rh4 Rcd7
48. Nf1 Qe7 49. Bc5 Qf6 50. Rhg4 Ng7 51. Be3 1/2-1/2

[Event "Hoogeveen open"]
[Site "Hoogeveen"]
[Date "2008.??.??"]
[Round "9"]
[White "Nijboer, Friso"]
[Black "Naumkin, Igor"]
[Result "1-0"]
[WhiteElo "2540"]
[BlackElo "2506"]
[PlyCount "65"]
[EventDate "2008.??.??"]

1. e4 e6 2. d4 d5 3. Nc3 Nf6 4. e5 Nfd7 5. f4 c5 6. Nf3 Nc6 7. Be3 cxd4 8. Nxd4
Bc5 9. Qd2 a6 10. O-O-O O-O 11. Kb1 Qe7 12. Be2 Nxd4 13. Bxd4 b5 14. Bxc5 Qxc5
15. Qd4 b4 16. Na4 Qa5 17. b3 Rb8 18. Rhe1 Bb7 19. f5 exf5 20. Bf3 Bc6 21. Bxd5
Bxa4 22. e6 Nb6 23. exf7+ Kh8 24. Be6 Qb5 25. Re3 f4 26. Re5 Qc6 27. Rg5 Qc3
28. Qxf4 Bb5 29. Rg3 Qc5 30. Rd4 Rbd8 31. Rxd8 Rxd8 32. Qf6 Qf8 33. Rxg7 1-0

[Event "Hoogeveen open"]
[Site "Hoogeveen"]
[Date "2008.??.??"]
[Round "9"]
[White "Diamant, Andre"]
[Black "L'Ami, Erwin"]
[Result "1/2-1/2"]
[WhiteElo "2412"]
[BlackElo "2610"]
[PlyCount "35"]
[EventDate "2008.??.??"]

1. e4 e5 2. Nf3 Nc6 3. Bb5 Nf6 4. d3 d6 5. O-O a6 6. Bxc6+ bxc6 7. d4 Nd7 8. b3
Be7 9. Bb2 f6 10. Nh4 g6 11. f4 exf4 12. Rxf4 O-O 13. Rg4 Rf7 14. Nxg6 hxg6 15.
Rxg6+ Rg7 16. Rxg7+ Kxg7 17. Qg4+ Kf7 18. Qh5+ 1/2-1/2

[Event "Hoogeveen open"]
[Site "Hoogeveen"]
[Date "2008.??.??"]
[Round "9"]
[White "Ernst, Sipke"]
[Black "Pavlovic, Milos"]
[Result "1-0"]
[WhiteElo "2576"]
[BlackElo "2524"]
[PlyCount "65"]
[EventDate "2008.??.??"]

1. d4 d5 2. c4 c6 3. e3 Nf6 4. Nf3 Bf5 5. Nc3 e6 6. Nh4 Be4 7. f3 Bg6 8. Qb3
Qc7 9. Bd2 Be7 10. Nxg6 hxg6 11. O-O-O dxc4 12. Bxc4 Nbd7 13. Kb1 a6 14. Bd3
Rd8 15. Ne4 c5 16. Rc1 b5 17. Qa3 c4 18. Qxa6 Qb8 19. Nxf6+ Nxf6 20. Be4 Nd5
21. a4 c3 22. Qc6+ Kf8 23. Bxc3 Rh5 24. Ba5 Nb4 25. Bxb4 Bxb4 26. g4 Rxh2 27.
axb5 Bd2 28. Rxh2 Qxh2 29. Qc2 Qf2 30. b6 Bxe3 31. Qc7 Re8 32. b7 Bxc1 33. b8=Q
1-0

[Event "Hoogeveen open"]
[Site "Hoogeveen"]
[Date "2008.??.??"]
[Round "9"]
[White "Agamaliev, Gamil"]
[Black "Romanishin, Oleg"]
[Result "1/2-1/2"]
[WhiteElo "2479"]
[BlackElo "2532"]
[PlyCount "32"]
[EventDate "2008.??.??"]

1. d4 Nf6 2. Nf3 d5 3. Bf4 c5 4. c3 e6 5. e3 Nc6 6. Nbd2 Bd6 7. Bg3 O-O 8. Bd3
Bxg3 9. hxg3 h6 10. dxc5 e5 11. Bb5 Qe7 12. Bxc6 bxc6 13. Qa4 Bd7 14. Qa5 e4
15. Nd4 Ng4 16. b4 Qe5 1/2-1/2

[Event "Hoogeveen open"]
[Site "Hoogeveen, Netherlands"]
[Date "2008.10.25"]
[Round "9"]
[White "Safarli, Eltaj"]
[Black "Kuipers, Stefan"]
[Result "1-0"]
[WhiteElo "2568"]
[BlackElo "2292"]
[PlyCount "113"]
[EventDate "2008.??.??"]

1. e4 c5 2. Nf3 Nc6 3. Bb5 g6 4. c3 Bg7 5. O-O Nf6 6. Qe2 Qb6 7. a4 O-O 8. Na3
d5 9. e5 Ng4 10. Bxc6 Qxc6 11. h3 Nh6 12. Nc2 a5 13. d3 f6 14. Re1 Nf7 15. Bf4
Nd8 16. Qd2 Re8 17. d4 c4 18. Na3 Qxa4 19. exf6 Bxf6 20. Ne5 Qb3 21. Bg5 Qb6
22. Re2 Bf5 23. Rae1 Nf7 24. Nxf7 Kxf7 25. g4 Bd3 26. Re6 Qxe6 27. Rxe6 Kxe6
28. Nb5 Kd7 29. Bf4 Rac8 30. Qd1 e5 31. dxe5 Bxe5 32. Bxe5 Rxe5 33. Qa4 Rce8
34. Qxa5 Ke7 35. Qc7+ Kf6 36. Nd4 R8e7 37. Qd6+ Kg7 38. Nf3 Re2 39. Qxd5 Rxb2
40. Qd4+ Kf7 41. Qh8 Ke6 42. Qd8 Rd7 43. Nd4+ Kd6 44. Qf6+ Kc7 45. Ne6+ Kc6 46.
Qf8 Rb1+ 47. Kh2 Kd5 48. Qe8 Kd6 49. Nf8 Rc7 50. Qe6+ Kc5 51. Nd7+ Rxd7 52.
Qxd7 b5 53. Qe7+ Kd5 54. f4 b4 55. cxb4 Rb3 56. Qe5+ Kc6 57. Qc5+ 1-0

[Event "Hoogeveen open"]
[Site "Hoogeveen, Netherlands"]
[Date "2008.10.25"]
[Round "9"]
[White "Robson, Ray"]
[Black "Gupta, Abhijeet"]
[Result "0-1"]
[WhiteElo "2466"]
[BlackElo "2580"]
[PlyCount "74"]
[EventDate "2008.??.??"]

1. e4 c5 2. Nf3 d6 3. d4 cxd4 4. Nxd4 Nf6 5. Nc3 Nc6 6. Bg5 e6 7. Qd2 a6 8.
O-O-O Bd7 9. f3 Be7 10. h4 b5 11. Kb1 O-O 12. Nxc6 Bxc6 13. Ne2 Bb7 14. Nd4 Rc8
15. g4 Nd7 16. Qe3 b4 17. Bxe7 Qxe7 18. g5 Ne5 19. Rg1 a5 20. h5 a4 21. Bh3 Rc5
22. g6 Bc8 23. gxh7+ Kh8 24. Qe1 Qf6 25. Qxb4 Bd7 26. f4 Qxf4 27. Rdf1 Qh6 28.
b3 Rfc8 29. Rg2 Qxh7 30. Rfg1 Qxe4 31. Qd2 Nf3 32. Nxf3 Rxc2 33. Qd4 Rc1+ 34.
Kb2 a3+ 35. Kxa3 Ra8+ 36. Qa4 Rxa4+ 37. bxa4 Qxf3+ 0-1

[Event "Hoogeveen open"]
[Site "Hoogeveen, Netherlands"]
[Date "2008.10.25"]
[Round "9"]
[White "Kaplan, Sasha"]
[Black "Ikonnikov, Vyacheslav"]
[Result "0-1"]
[WhiteElo "2425"]
[BlackElo "2571"]
[PlyCount "68"]
[EventDate "2008.??.??"]

1. e4 c5 2. Nf3 Nc6 3. d4 cxd4 4. Nxd4 e5 5. Nb5 d6 6. c4 Be7 7. N1c3 a6 8. Na3
Be6 9. Bd3 Bg5 10. O-O Bxc1 11. Rxc1 Nge7 12. Nc2 Ng6 13. g3 Qg5 14. Nd5 O-O
15. Kh1 Bh3 16. Rg1 f5 17. Nc7 fxe4 18. Bxe4 Rac8 19. Bd5+ Kh8 20. Be6 Bf5 21.
Bxc8 Be4+ 22. f3 Bxf3+ 23. Qxf3 Rxf3 24. Bxb7 Nge7 25. Rcf1 Qf5 26. Ne3 Qe4 27.
Ng2 Rxf1 28. Rxf1 Qxc4 29. Rf8+ Ng8 30. h4 Nce7 31. Ne8 Qe6 32. Kh2 Ng6 33. Nc7
Qd7 34. Rc8 N6e7 0-1

[Event "Hoogeveen open"]
[Site "Hoogeveen, Netherlands"]
[Date "2008.10.25"]
[Round "9"]
[White "Ulibin, Mikhail"]
[Black "Brandenburg, Daan"]
[Result "1-0"]
[WhiteElo "2521"]
[BlackElo "2436"]
[PlyCount "55"]
[EventDate "2008.??.??"]

1. e4 c5 2. Nf3 e6 3. c3 Nf6 4. e5 Nd5 5. d4 cxd4 6. cxd4 d6 7. a3 Bd7 8. Bd3
Bc6 9. O-O Nd7 10. b4 a6 11. Re1 Rc8 12. Ng5 g6 13. Qf3 Qe7 14. exd6 Qf6 15.
Qg4 Bxd6 16. Nxe6 fxe6 17. Rxe6+ Kf7 18. Rxf6+ N7xf6 19. Qd1 Ba4 20. Qf1 Kg7
21. g3 Bb8 22. Nd2 Ba7 23. Nf3 Rhf8 24. Qh3 h5 25. Qh4 Ng4 26. Bxg6 Kxg6 27.
Qg5+ Kf7 28. Qxd5+ 1-0